| 000 | 00480pam a2200205 i 4500 | ||
|---|---|---|---|
| 001 | 2738056 | ||
| 005 | 20180112070211.0 | ||
| 008 | 781103s1979 nyuaf 001 0 eng | ||
| 010 | _a 78026087 | ||
| 020 | _a0670290769 | ||
| 040 |
_aDLC _cDLC _dDLC |
||
| 041 | _aeng | ||
| 080 | _a521 | ||
| 082 | 0 | 0 | _a521 CAL |
| 100 | 1 | _a42 | |
| 101 | _aAST | ||
| 245 | 1 | 0 |
_aEinstein's universe / _cNigel Calder. |
| 906 |
_a7 _bcbc _corignew _d1 _eocip _f19 _gy-gencatlg |
||
| 942 |
_2ddc _cBK |
||
| 999 |
_c40208 _d40208 |
||